000
00281nam a2200133Ia 4500
100
_a
Jain R.K.
942
_c
BK
654
_a
technology
245
_a
Production Technology
260
_b
Khanna Pub
_a
New Delhi
_c
1994
082
_a
670
_b
JAI
300
_a
1310
546
_a
ENGLISH
999
_c
30989
_d
30989